[Event "Buenos Aires Szmetan Giardelli op"]
[Site "Buenos Aires"]
[Date "2018.12.04"]
[Round "1"]
[White "Elverdin, Juan Jesus Bautista"]
[Black "Fernandez, Maria Florencia"]
[Result "0-1"]
[WhiteElo "1822"]
[BlackElo "2249"]
[PlyCount "100"]
[EventDate "2018.12.04"]
[EventType "swiss"]
[EventRounds "9"]
[EventCountry "ARG"]
[SourceTitle "CBM 187 Extra"]
[Source "ChessBase"]
[SourceDate "2018.11.04"]
[SourceVersion "1"]
[SourceVersionDate "2018.11.04"]
[SourceQuality "1"]

1. e4 c5 2. Nf3 d6 3. Bc4 Nc6 4. 0-0 Nf6 5. d3 g6 6. h3 Bg7 7. Be3 0-0 8. c3 Na5 9. Nbd2 Nxc4 10. Nxc4 b5 11. Ncd2 Rb8 12. Qc2 b4 13. d4 cxd4 14. cxd4 Ba6 15. Rfc1 Be2 16. Qc7 Bxf3 17. Qxd8 Rfxd8 18. gxf3 Rb7 19. Rc2 Nd7 20. f4 Nb6 21. b3 a5 22. Rac1 h5 23. Rc7 Rdb8 24. Rxb7 Rxb7 25. Nc4 Nxc4 26. Rxc4 Kh7 27. Kf1 Rd7 28. f3 d5 29. exd5 Rxd5 30. Rc5 e6 31. Ke2 Bf8 32. Rc8 Kg7 33. Kd3 Be7 34. Kc4 Rf5 35. Rb8 Kf6 36. Rb5 Bd6 37. d5 Bxf4 38. Bd4+ Kg5 39. dxe6 fxe6 40. Rxf5+ exf5 41. Kb5 Kh4 42. Kxa5 Bd6 43. Kb5 Kxh3 44. Bc5 Bxc5 45. Kxc5 Kg2 46. Kxb4 h4 47. a4 h3 48. a5 h2 49. a6 h1Q 50. a7 Qa1 0-1